[Event "Torneo Zonale"]
[Site "Caorle ITA"]
[Date "1972.07.??"]
[Round "4"]
[White "Pomar Salamanca, Arturo"]
[Black "Keene, Raymond Dennis"]
[WhiteElo "2460"]
[BlackElo "2435"]
[Result "1-0"]
[PlyCount "73"]
[EventDate "1972.07.02"]

1. d4 g6 2. Nf3 Bg7 3. g3 Nf6 4. Bg2 O-O 5. O-O d6 6. b3 e5 7. dxe5 dxe5 8. Ba3
Qxd1 9. Rxd1 Re8 10. Nc3 e4 11. Nd4 c6 12. e3 Nbd7 13. Rd2 Nf8 14. Rad1 h5 15.
h3 N8h7 16. Kh2 Ng5 17. Na4 Nd7 18. Nc5 Nxc5 19. Bxc5 f5 20. h4 Nf7 21. Ne2 b6
22. Bd4 c5 23. Bxg7 Kxg7 24. Nf4 Rb8 25. Bf1 Rb7 26. Bb5 Rg8 27. Bc4 Re8 28.
Bxf7 Kxf7 29. Rd6 Rg8 30. c4 Re7 31. a4 Be6 32. Kg2 Rge8 33. a5 bxa5 34. Ra6
Rb8 35. Rdd6 Bc8 36. Rf6+ Ke8 37. Rxa5 1-0

[Event "Torneo Zonale"]
[Site "Caorle ITA"]
[Date "1972.07.??"]
[Round "4"]
[White "Tatai, Stefano"]
[Black "Ree, Hans"]
[WhiteElo "2460"]
[BlackElo "2480"]
[Result "1/2-1/2"]
[PlyCount "32"]
[EventDate "1972.07.02"]

1. e4 e5 2. Nf3 Nc6 3. Be2 g6 4. d4 exd4 5. Bg5 Be7 6. Bf4 Nf6 7. e5 Nd5 8. Bh6
d6 9. exd6 Qxd6 10. O-O Be6 11. Na3 O-O-O 12. Nb5 Qc5 13. Nfxd4 Nxd4 14. Nxd4
Bf6 15. Nxe6 fxe6 16. Qc1 e5 1/2-1/2

[Event "Torneo Zonale"]
[Site "Caorle ITA"]
[Date "1972.07.??"]
[Round "4"]
[White "Williams, Arthur Howard"]
[Black "Ivkov, Borislav"]
[WhiteElo "2390"]
[BlackElo "2520"]
[Result "0-1"]
[PlyCount "90"]
[EventDate "1972.07.02"]

1. e4 e5 2. Nf3 Nc6 3. Bb5 a6 4. Bxc6 dxc6 5. O-O Qd6 6. d3 Ne7 7. Nbd2 Ng6 8.
Nc4 Qf6 9. d4 exd4 10. Bg5 Qe6 11. Qxd4 f6 12. Rad1 Be7 13. Bc1 O-O 14. b3 b6
15. Qd3 c5 16. Qd5 Rb8 17. Rfe1 Re8 18. Ne3 Bd6 19. Nd2 b5 20. f3 Nf4 21. Qxe6+
Nxe6 22. Ndf1 Be5 23. Ng4 Bd4+ 24. Be3 Bb7 25. Nf2 Be5 26. Nd3 Bd6 27. Nd2 Rbd8
28. Rc1 Bf8 29. Nf4 Nd4 30. c3 Nc6 31. Rcd1 Ne5 32. Nf1 c4 33. b4 Kf7 34. Bd4
Bd6 35. Ne3 Nxf3+ 36. gxf3 Bxf4 37. Kf2 Bc6 38. h4 Ra8 39. a3 a5 40. Re2 axb4
41. axb4 Ra3 42. Rc2 Rea8 43. Ng2 Ra2 44. Rxa2 Rxa2+ 45. Kf1 Bg3 0-1

[Event "Torneo Zonale"]
[Site "Caorle ITA"]
[Date "1972.07.??"]
[Round "4"]
[White "Wirthensohn, Heinz"]
[Black "Dunkelblum, Arthur"]
[WhiteElo "2315"]
[BlackElo "2240"]
[Result "1/2-1/2"]
[PlyCount "32"]
[EventDate "1972.07.02"]

1. c4 Nf6 2. Nf3 c6 3. Nc3 d5 4. e3 e6 5. b3 Nbd7 6. Bb2 Bd6 7. Be2 O-O 8. Qc2
e5 9. cxd5 Nxd5 10. Rc1 Qe7 11. O-O N7f6 12. d3 Nxc3 13. Qxc3 Nd5 14. Qc2 Bg4
15. h3 Be6 16. Rfd1 Rfd8 1/2-1/2

[Event "Torneo Zonale"]
[Site "Caorle ITA"]
[Date "1972.07.??"]
[Round "5"]
[White "Bohosjan, Sarkis Stepan"]
[Black "Silva, Fernando"]
[WhiteElo "2425"]
[BlackElo "2295"]
[Result "1-0"]
[PlyCount "45"]
[EventDate "1972.07.02"]

1. e4 c5 2. Nc3 Nc6 3. Nf3 g6 4. b3 Bg7 5. Bb2 d6 6. Bb5 Bd7 7. O-O Nh6 8. Bxc6
Bxc6 9. d4 O-O 10. d5 Bd7 11. Qd2 Qa5 12. Rfe1 e6 13. Qf4 e5 14. Qh4 Qd8 15.
Ng5 f5 16. exf5 gxf5 17. f4 Qf6 18. Ne2 Qg6 19. Ng3 Nf7 20. Nxf7 Qxf7 21. fxe5
Qxd5 22. Nh5 Qf7 23. e6 1-0

[Event "Torneo Zonale"]
[Site "Caorle ITA"]
[Date "1972.07.??"]
[Round "5"]
[White "Dunkelblum, Arthur"]
[Black "Williams, Arthur Howard"]
[WhiteElo "2240"]
[BlackElo "2390"]
[Result "0-1"]
[PlyCount "90"]
[EventDate "1972.07.02"]

1. d4 g6 2. g3 Bg7 3. Bg2 Nf6 4. c4 O-O 5. Nc3 d6 6. Nf3 Nc6 7. d5 Na5 8. Nd2
c5 9. Qc2 e5 10. dxe6 Bxe6 11. Qd3 Ng4 12. f4 Bd4 13. Nd1 Re8 14. h3 Bf5 15.
Be4 Nf6 16. Kf1 Rxe4 17. Nxe4 Qe7 18. Ndc3 Bxc3 19. Qxc3 Qxe4 20. Qf3 Qxc4 21.
Qc3 Qd5 22. Rh2 Nc4 23. g4 Qd1+ 24. Qe1 Qxe1+ 25. Kxe1 Be4 26. f5 Nd5 27. Kf2
g5 28. Bxg5 f6 29. Bh6 Nc7 30. Rc1 Ne5 31. Bf4 b6 32. Rd1 Nf7 33. Be3 Nb5 34.
Bf4 Nd4 35. Be3 Rd8 36. Bf4 Re8 37. Rd2 Ne5 38. b3 h5 39. Kg3 d5 40. Rf2 Kf7
41. e3 h4+ 42. Kxh4 Ndf3+ 43. Kg3 Nxd2 44. Rxd2 Nd3 45. h4 Nxf4 0-1

[Event "Torneo Zonale"]
[Site "Caorle ITA"]
[Date "1972.07.??"]
[Round "5"]
[White "Forintos, Gyozo Victor"]
[Black "Friedgood, David"]
[WhiteElo "2495"]
[BlackElo "2310"]
[Result "1-0"]
[PlyCount "81"]
[EventDate "1972.07.02"]

1. b3 Nf6 2. Bb2 d5 3. Nf3 e6 4. c4 Bd6 5. g3 O-O 6. Bg2 Nbd7 7. O-O b6 8. cxd5
exd5 9. Nd4 c5 10. Nf5 Bc7 11. Nc3 Bb7 12. Rc1 a6 13. d4 cxd4 14. Na4 b5 15.
Nc5 Nxc5 16. Rxc5 Bb6 17. Rc2 Qd7 18. Bh3 Kh8 19. Bxd4 Qd8 20. Bg2 Rc8 21. Rxc8
Bxc8 22. Ne3 Bxd4 23. Qxd4 Qe7 24. b4 Rd8 25. Rc1 h6 26. a3 Bb7 27. Bf3 Qd7 28.
h4 Rc8 29. Rd1 Qc6 30. Nf5 Qc3 31. Qf4 Qc7 32. Qe3 Re8 33. Qd4 Qe5 34. Qxe5
Rxe5 35. Nd6 Re7 36. Nxb7 Rxb7 37. Bxd5 Nxd5 38. Rxd5 Kg8 39. Rd8+ Kh7 40. Rd6
Ra7 41. h5 1-0

[Event "Torneo Zonale"]
[Site "Caorle ITA"]
[Date "1972.07.??"]
[Round "5"]
[White "Ivkov, Borislav"]
[Black "Ljubojevic, Ljubomir"]
[WhiteElo "2520"]
[BlackElo "2550"]
[Result "1/2-1/2"]
[PlyCount "31"]
[EventDate "1972.07.02"]

1. e4 c6 2. d4 d5 3. Nc3 dxe4 4. Nxe4 Bf5 5. Ng3 Bg6 6. Nf3 Nd7 7. Bd3 e6 8.
O-O Ngf6 9. c4 Bd6 10. b3 O-O 11. Bb2 c5 12. Bxg6 hxg6 13. Qe2 Qc7 14. Ne4 Nxe4
15. Qxe4 cxd4 16. Qxd4 1/2-1/2

[Event "Torneo Zonale"]
[Site "Caorle ITA"]
[Date "1972.07.??"]
[Round "5"]
[White "Jansa, Vlastimil"]
[Black "Eising, Johannes"]
[WhiteElo "2480"]
[BlackElo "2410"]
[Result "1/2-1/2"]
[PlyCount "84"]
[EventDate "1972.07.02"]

1. e4 c5 2. Nf3 e6 3. d4 cxd4 4. Nxd4 Nf6 5. Nc3 d6 6. g4 a6 7. g5 Nfd7 8. Be3
b5 9. a3 Nb6 10. f4 Bb7 11. Qf3 Qc7 12. f5 e5 13. Nb3 Na4 14. Nxa4 bxa4 15. Nd2
Nd7 16. Bc4 d5 17. exd5 Bc5 18. Bxc5 Nxc5 19. O-O-O O-O-O 20. Ne4 h6 21. h4 Kb8
22. Rd2 hxg5 23. hxg5 Nb3+ 24. Bxb3 axb3 25. Nc3 bxc2 26. Kxc2 Qc5 27. Rxh8
Rxh8 28. f6 g6 29. Qe4 Re8 30. Kb3 a5 31. Qc4 Qb6+ 32. Qb5 Qxb5+ 33. Nxb5 e4
34. Nd6 Re5 35. Kc4 e3 36. Nxb7 Kxb7 37. Re2 Kc7 38. Kd4 Kd6 39. Rxe3 Rxg5 40.
Re7 Rxd5+ 41. Ke4 Rb5 42. Rxf7 Ke6 1/2-1/2

[Event "Torneo Zonale"]
[Site "Caorle ITA"]
[Date "1972.07.??"]
[Round "5"]
[White "Keene, Raymond Dennis"]
[Black "Tatai, Stefano"]
[WhiteElo "2435"]
[BlackElo "2460"]
[Result "1/2-1/2"]
[PlyCount "113"]
[EventDate "1972.07.02"]

1. Nf3 c5 2. b3 d5 3. e3 Nf6 4. Bb2 e6 5. c4 dxc4 6. bxc4 Be7 7. d4 O-O 8. Bd3
Qb6 9. Qc2 cxd4 10. exd4 Nc6 11. a3 g6 12. O-O Bd7 13. Nbd2 Rfc8 14. Rfe1 Qd8
15. d5 exd5 16. Qc3 Be6 17. cxd5 Nb4 18. Bc4 Nbxd5 19. Qd4 Bc5 20. Qh4 Nh5 21.
Qxd8+ Rxd8 22. Ne4 Bf8 23. Nfg5 Rac8 24. Nxe6 fxe6 25. Rac1 h6 26. g3 Rc6 27.
Be2 Rxc1 28. Rxc1 Bg7 29. Bxh5 Bxb2 30. Rb1 gxh5 31. Rxb2 b6 32. Rc2 Kf7 33.
Kg2 h4 34. gxh4 Rg8+ 35. Kf3 Ke7 36. Rc1 Kd7 37. h3 Rf8+ 38. Kg3 Rf7 39. f3 Rf8
40. Kg4 Ne3+ 41. Kh5 Rf4 42. Re1 Rxf3 43. Kxh6 Rxh3 44. h5 Nf5+ 45. Kg6 Rxa3
46. h6 Nxh6 47. Kxh6 e5 48. Kg6 Ke6 49. Rd1 Ra4 50. Ng5+ Ke7 51. Kf5 Ra5 52.
Ne4 Rb5 53. Nd6 Rc5 54. Ne4 Rb5 55. Nd6 Rc5 56. Ne4 Rc6 57. Kxe5 1/2-1/2

[Event "Torneo Zonale"]
[Site "Caorle ITA"]
[Date "1972.07.??"]
[Round "5"]
[White "Pritchett, Craig William"]
[Black "Wirthensohn, Heinz"]
[WhiteElo "2340"]
[BlackElo "2315"]
[Result "1/2-1/2"]
[PlyCount "85"]
[EventDate "1972.07.02"]

1. e4 c5 2. Nf3 d6 3. d4 cxd4 4. Nxd4 Nf6 5. Nc3 a6 6. Be2 e5 7. Nb3 Be7 8. O-O
O-O 9. Be3 Be6 10. f4 exf4 11. Bxf4 Nc6 12. Qe1 d5 13. exd5 Nxd5 14. Nxd5 Bxd5
15. Rd1 Qb6+ 16. Kh1 Be4 17. Rd7 Rae8 18. Bc4 Bb4 19. Qg3 Ne7 20. Be5 Qg6 21.
Qxg6 hxg6 22. c3 Bc6 23. Rd2 Nf5 24. Bf4 Be7 25. Nd4 Nxd4 26. cxd4 Bb4 27. Rdd1
Re4 28. a3 Be7 29. Be5 b5 30. Bd3 Rg4 31. Rf2 f6 32. Bf4 Bxg2+ 33. Rxg2 Rxf4
34. Bxg6 Rd8 35. d5 Bc5 36. Rc2 Bd6 37. Rdd2 b4 38. axb4 Bxb4 39. Re2 Rd4 40.
Be4 a5 41. Kg2 Kf8 42. h3 Bd6 43. b3 1/2-1/2

[Event "Torneo Zonale"]
[Site "Caorle ITA"]
[Date "1972.07.??"]
[Round "5"]
[White "Ree, Hans"]
[Black "Bellon Lopez, Juan Manuel"]
[WhiteElo "2480"]
[BlackElo "2385"]
[Result "0-1"]
[PlyCount "106"]
[EventDate "1972.07.02"]

1. d4 Nf6 2. c4 c5 3. d5 b5 4. cxb5 a6 5. e3 d6 6. Nc3 g6 7. bxa6 Bg7 8. Bb5+
Nfd7 9. Nge2 O-O 10. O-O Bxa6 11. Bxa6 Nxa6 12. e4 Qb6 13. Rb1 Nc7 14. Bg5 Rfb8
15. Qd2 Kf8 16. Bh6 Ne5 17. Bxg7+ Kxg7 18. b3 Nb5 19. f4 Nd7 20. Kh1 Nxc3 21.
Nxc3 Qb4 22. Rbe1 c4 23. e5 cxb3 24. axb3 Rc8 25. Rf3 Nb6 26. h3 Kg8 27. exd6
Qxd6 28. Qd4 Ra5 29. Ne4 Qd8 30. d6 f5 31. Ng5 Qxd6 32. Qxd6 exd6 33. Re7 Nd5
34. Rxh7 Nf6 35. Re7 Ra1+ 36. Kh2 Nh5 37. Rfe3 Nxf4 38. Ne6 Nh5 39. Nc7 f4 40.
Rd3 Ng3 41. Rxg3 fxg3+ 42. Kxg3 Ra7 43. Nd5 Rc3+ 44. Nxc3 Rxe7 45. Kf4 Rb7 46.
Ne4 Rb4 47. Ke3 Rxb3+ 48. Kd4 Kf8 49. Nxd6 Rg3 50. Ke5 Kg7 51. Kf4 Rxg2 52. Ne4
Kh6 53. Ng3 Ra2 0-1

[Event "Torneo Zonale"]
[Site "Caorle ITA"]
[Date "1972.07.??"]
[Round "6"]
[White "Bellon Lopez, Juan Manuel"]
[Black "Keene, Raymond Dennis"]
[WhiteElo "2385"]
[BlackElo "2435"]
[Result "1-0"]
[PlyCount "56"]
[EventDate "1972.07.02"]

1. b3 Nf6 2. Bb2 d6 3. g3 g6 4. Bg2 Bg7 5. e4 O-O 6. Ne2 e5 7. O-O Nc6 8. d4
Bg4 9. f3 Bd7 10. c4 h5 11. d5 Ne7 12. c5 h4 13. Na3 hxg3 14. hxg3 Bh6 15. Kf2
Kg7 16. Rh1 Rh8 17. Qc2 a5 18. Rh4 Qb8 19. Nc3 b5 20. Ne2 Qa7 21. Rah1 b4 22.
Nb1 a4 23. f4 axb3 24. axb3 Nfg8 25. Kf3 f6 26. Nd2 Bc8 27. Bh3 Qb8 28. Nc1 Qb7
1-0

[Event "Torneo Zonale"]
[Site "Caorle ITA"]
[Date "1972.07.??"]
[Round "6"]
[White "Dunkelblum, Arthur"]
[Black "Pritchett, Craig William"]
[WhiteElo "2240"]
[BlackElo "2340"]
[Result "1/2-1/2"]
[PlyCount "37"]
[EventDate "1972.07.02"]

1. Nf3 f5 2. g3 Nf6 3. Bg2 d6 4. d4 e6 5. O-O Be7 6. c4 O-O 7. Nc3 Qe8 8. Re1
Ne4 9. Qc2 Qg6 10. e3 Nxc3 11. Qxc3 Bf6 12. Qc2 Nc6 13. d5 Nb4 14. Qb3 Na6 15.
dxe6 Nc5 16. Qc2 Bxe6 17. Nd4 Bd7 18. b3 Ne4 19. Bb2 1/2-1/2

[Event "Torneo Zonale"]
[Site "Caorle ITA"]
[Date "1972.07.??"]
[Round "6"]
[White "Eising, Johannes"]
[Black "Forintos, Gyozo Victor"]
[WhiteElo "2410"]
[BlackElo "2495"]
[Result "0-1"]
[PlyCount "90"]
[EventDate "1972.07.02"]

1. d4 Nf6 2. g3 c5 3. d5 d6 4. Nc3 g6 5. Bg2 Bg7 6. Nf3 O-O 7. O-O Na6 8. h3
Rb8 9. a4 Nc7 10. e4 Nd7 11. Re1 b6 12. Bf4 f6 13. Nd2 a6 14. Nc4 Ne5 15. Bxe5
fxe5 16. Qd2 Rf7 17. Reb1 b5 18. axb5 Nxb5 19. Nxb5 Rxb5 20. Ra4 Qc7 21. Rba1
h5 22. b3 Kh7 23. Bf1 Bh6 24. Qc3 Qd7 25. Rd1 Qe8 26. Nb2 Rb8 27. Rd3 Qf8 28.
Qe1 Bd7 29. Ra1 Qc8 30. Kh2 Qb7 31. Nd1 Ra8 32. Bg2 Raf8 33. Qc3 Qc8 34. Rf3
Rxf3 35. Bxf3 Bxh3 36. Be2 h4 37. Qd3 Bg4 38. Rxa6 Rf7 39. c3 c4 40. Bxg4 Qxg4
41. bxc4 hxg3+ 42. fxg3 Rf3 43. Qe2 Qxg3+ 44. Kh1 Qh4+ 45. Kg2 Qg4+ 0-1

[Event "Torneo Zonale"]
[Site "Caorle ITA"]
[Date "1972.07.??"]
[Round "6"]
[White "Friedgood, David"]
[Black "Ivkov, Borislav"]
[WhiteElo "2310"]
[BlackElo "2520"]
[Result "1/2-1/2"]
[PlyCount "83"]
[EventDate "1972.07.02"]

1. e4 e5 2. Nf3 Nc6 3. Bb5 a6 4. Ba4 Nf6 5. O-O Be7 6. Re1 b5 7. Bb3 O-O 8. c3
d6 9. h3 Na5 10. Bc2 c5 11. d4 Nd7 12. a4 b4 13. cxb4 cxb4 14. Nbd2 exd4 15.
Nb3 d3 16. Qxd3 Nc5 17. Nxc5 dxc5 18. Qe2 Be6 19. e5 Re8 20. h4 Qc8 21. Bg5 Bf5
22. Rac1 Bf8 23. Be4 Bxe4 24. Qxe4 Qc6 25. Qxc6 Nxc6 26. Kf1 Rac8 27. Bf4 Na5
28. Red1 c4 29. Rd5 Nb3 30. Rc2 c3 31. bxc3 bxc3 32. Nd4 Nxd4 33. Rxd4 a5 34.
g3 Bb4 35. f3 h5 36. Rd3 Rc4 37. Be3 Rec8 38. Kf2 Ba3 39. Rd4 Bb2 40. Ke2 Rb4
41. Kd3 Kh7 42. Bf2 1/2-1/2

[Event "Torneo Zonale"]
[Site "Caorle ITA"]
[Date "1972.07.??"]
[Round "6"]
[White "Pomar Salamanca, Arturo"]
[Black "Bohosjan, Sarkis Stepan"]
[WhiteElo "2460"]
[BlackElo "2425"]
[Result "0-1"]
[PlyCount "38"]
[EventDate "1972.07.02"]

1. d4 Nf6 2. Nf3 d6 3. g3 Nbd7 4. Bg2 e5 5. dxe5 dxe5 6. O-O Bc5 7. Nc3 O-O 8.
Bg5 h6 9. Bxf6 Qxf6 10. Qd3 Qe6 11. Nd2 Nf6 12. Rad1 Qe7 13. Nc4 Bg4 14. Ne4
Rad8 15. Nxf6+ Qxf6 16. Bd5 c6 17. Ne3 Bxe3 18. fxe3 Rxd5 19. Rxf6 Rxd3 0-1

[Event "Torneo Zonale"]
[Site "Caorle ITA"]
[Date "1972.07.??"]
[Round "6"]
[White "Silva, Fernando"]
[Black "Jansa, Vlastimil"]
[WhiteElo "2295"]
[BlackElo "2480"]
[Result "1/2-1/2"]
[PlyCount "71"]
[EventDate "1972.07.02"]

1. e4 c5 2. Nf3 e6 3. d4 cxd4 4. Nxd4 Nc6 5. Nc3 a6 6. g3 Nge7 7. Nb3 d6 8. Bg2
b5 9. a3 Bb7 10. O-O Nc8 11. Nd4 Be7 12. a4 b4 13. Nce2 O-O 14. Nxc6 Bxc6 15.
Nd4 Bb7 16. a5 Na7 17. Be3 d5 18. e5 Qc7 19. f4 Bc5 20. Qd2 Nb5 21. Nxb5 axb5
22. Bd4 Bxd4+ 23. Qxd4 Rxa5 24. Rxa5 Qxa5 25. f5 exf5 26. Rxf5 Bc8 27. Rf2 b3
28. cxb3 Be6 29. b4 Qa2 30. Bf1 Qb1 31. Kg2 Rc8 32. Bxb5 Rc1 33. Rf1 Rc2+ 34.
Rf2 Rc1 35. Rf1 Rc2+ 36. Rf2 1/2-1/2

[Event "Torneo Zonale"]
[Site "Caorle ITA"]
[Date "1972.07.??"]
[Round "6"]
[White "Williams, Arthur Howard"]
[Black "Ljubojevic, Ljubomir"]
[WhiteElo "2390"]
[BlackElo "2550"]
[Result "1/2-1/2"]
[PlyCount "43"]
[EventDate "1972.07.02"]

1. e4 c5 2. Nf3 d6 3. d4 cxd4 4. Nxd4 Nf6 5. Nc3 a6 6. Be3 e5 7. Nb3 Be6 8. Qd2
Nbd7 9. f3 Be7 10. g4 b5 11. g5 Nh5 12. Rg1 O-O 13. O-O-O Nb6 14. Nd5 Nxd5 15.
exd5 Bd7 16. Na5 Rc8 17. Kb1 Qc7 18. Bd3 Kh8 19. c4 bxc4 20. Rc1 Bd8 21. Nxc4
Qb8 22. Na5 1/2-1/2

[Event "Torneo Zonale"]
[Site "Caorle ITA"]
[Date "1972.07.??"]
[Round "6"]
[White "Wirthensohn, Heinz"]
[Black "Ree, Hans"]
[WhiteElo "2315"]
[BlackElo "2480"]
[Result "0-1"]
[PlyCount "68"]
[EventDate "1972.07.02"]

1. c4 g6 2. e4 e5 3. Nf3 Bg7 4. d4 exd4 5. Nxd4 Nf6 6. Nc3 O-O 7. Be2 Re8 8. f3
c6 9. Nc2 d5 10. cxd5 cxd5 11. Nxd5 Nxd5 12. Qxd5 Qxd5 13. exd5 Na6 14. Kf2 Bd7
15. Bxa6 bxa6 16. Be3 Rab8 17. b3 Rbc8 18. Na3 Bxa1 19. Rxa1 Rc7 20. Nc4 Bb5
21. Bf4 Rc5 22. Ne3 Rc3 23. d6 Rd3 24. Ng4 Rc8 25. Re1 h5 26. Nf6+ Kg7 27. Ne4
Rc2+ 28. Kg3 h4+ 29. Kxh4 Rxg2 30. Ng5 Bd7 31. Re7 Rd4 32. Ne4 Rd5 33. Be5+ Kh6
34. Nf6 g5# 0-1

[Event "Torneo Zonale"]
[Site "Caorle ITA"]
[Date "1972.07.??"]
[Round "7"]
[White "Bohosjan, Sarkis Stepan"]
[Black "Tatai, Stefano"]
[WhiteElo "2425"]
[BlackElo "2460"]
[Result "1/2-1/2"]
[PlyCount "69"]
[EventDate "1972.07.02"]

1. e4 Nf6 2. d3 d5 3. Nd2 g6 4. Ngf3 Bg7 5. g3 O-O 6. Bg2 c5 7. O-O Nc6 8. c3
e5 9. exd5 Nxd5 10. Re1 Rb8 11. Nc4 Re8 12. a4 f6 13. d4 cxd4 14. Nxd4 Nce7 15.
Nb5 Be6 16. Ncd6 Rf8 17. c4 Nb6 18. c5 Nbd5 19. Nd4 Qd7 20. Nxe6 Qxe6 21. Qb3
b6 22. Rd1 Nc7 23. Qa3 Rfd8 24. Bd2 Ned5 25. b4 Bf8 26. Ne4 h6 27. cxb6 Rxb6
28. Nc5 Qf7 29. Rac1 Ne6 30. a5 Rbd6 31. Nxe6 Qxe6 32. Qb3 Nf4 33. Qxe6+ Nxe6
34. Rc2 Rd4 35. b5 1/2-1/2

[Event "Torneo Zonale"]
[Site "Caorle ITA"]
[Date "1972.07.??"]
[Round "7"]
[White "Forintos, Gyozo Victor"]
[Black "Silva, Fernando"]
[WhiteElo "2495"]
[BlackElo "2295"]
[Result "1-0"]
[PlyCount "51"]
[EventDate "1972.07.02"]

1. d4 d5 2. c4 e6 3. Nc3 c6 4. e3 Nf6 5. Nf3 Nbd7 6. Bd3 dxc4 7. Bxc4 b5 8. Bd3
Bb7 9. a3 a6 10. b4 Bd6 11. Bb2 O-O 12. Qc2 Rc8 13. O-O Bb8 14. Kh1 h6 15. Rae1
Ng4 16. Ne4 c5 17. dxc5 f5 18. Ng3 Nde5 19. Bxe5 Bxf3 20. Bxb8 Qh4 21. Nxf5 Qh3
22. gxf3 Qxf3+ 23. Kg1 Rxb8 24. Ng3 h5 25. Be4 Qf6 26. f3 1-0

[Event "Torneo Zonale"]
[Site "Caorle ITA"]
[Date "1972.07.??"]
[Round "7"]
[White "Ivkov, Borislav"]
[Black "Eising, Johannes"]
[WhiteElo "2520"]
[BlackElo "2410"]
[Result "1/2-1/2"]
[PlyCount "84"]
[EventDate "1972.07.02"]

1. d4 g6 2. e4 Bg7 3. c4 c5 4. d5 d6 5. Nf3 e5 6. Be2 Nd7 7. Nc3 Ngf6 8. O-O h6
9. Ne1 O-O 10. Nd3 Ne8 11. f4 f5 12. exf5 gxf5 13. Be3 Qe7 14. fxe5 dxe5 15.
Nxc5 Nxc5 16. d6 Qxd6 17. Qxd6 Nxd6 18. Bxc5 Rd8 19. Rad1 Bf8 20. Nb5 Nf7 21.
Rxd8 Nxd8 22. Bxf8 Kxf8 23. Nd6 f4 24. Nxc8 Rxc8 25. g3 Ne6 26. Bf3 Ke7 27. b3
b6 28. Bd5 Rf8 29. Bxe6 Kxe6 30. Kg2 Rg8 31. Rd1 h5 32. Kf3 Rg4 33. Rd8 e4+ 34.
Kf2 fxg3+ 35. hxg3 h4 36. gxh4 Rxh4 37. Ke3 Rh2 38. Kxe4 Rxa2 39. Kd3 Ra5 40.
b4 Rh5 41. Kc3 Rh3+ 42. Kb2 Rg3 1/2-1/2

[Event "Torneo Zonale"]
[Site "Caorle ITA"]
[Date "1972.07.??"]
[Round "7"]
[White "Jansa, Vlastimil"]
[Black "Pomar Salamanca, Arturo"]
[WhiteElo "2480"]
[BlackElo "2460"]
[Result "1/2-1/2"]
[PlyCount "32"]
[EventDate "1972.07.02"]

1. e4 c6 2. d3 d5 3. Nd2 g6 4. Ngf3 Bg7 5. g3 e5 6. Bg2 Ne7 7. O-O O-O 8. b4 a5
9. bxa5 Qxa5 10. Bb2 Nd7 11. a4 Qc7 12. Re1 d4 13. c3 c5 14. cxd4 cxd4 15. Nc4
Nb6 16. Nfd2 Be6 1/2-1/2

[Event "Torneo Zonale"]
[Site "Caorle ITA"]
[Date "1972.07.??"]
[Round "7"]
[White "Keene, Raymond Dennis"]
[Black "Wirthensohn, Heinz"]
[WhiteElo "2435"]
[BlackElo "2315"]
[Result "1/2-1/2"]
[PlyCount "31"]
[EventDate "1972.07.02"]

1. Nf3 d5 2. g3 Nf6 3. Bg2 c6 4. O-O Bg4 5. b3 Nbd7 6. Bb2 e6 7. c4 Bd6 8. d4
O-O 9. Nbd2 Qe7 10. Re1 Rfd8 11. e4 dxe4 12. Nxe4 Nxe4 13. Rxe4 Nf6 14. Re3 Ba3
15. Bc3 Bb4 16. Bb2 1/2-1/2

[Event "Torneo Zonale"]
[Site "Caorle ITA"]
[Date "1972.07.??"]
[Round "7"]
[White "Ljubojevic, Ljubomir"]
[Black "Friedgood, David"]
[WhiteElo "2550"]
[BlackElo "2310"]
[Result "1/2-1/2"]
[PlyCount "101"]
[EventDate "1972.07.02"]

1. e4 c5 2. Nf3 d6 3. Nc3 Nc6 4. d4 cxd4 5. Nxd4 Nf6 6. Bc4 Qb6 7. Nde2 e6 8.
O-O Be7 9. Bb3 O-O 10. Bg5 Rd8 11. Ng3 d5 12. exd5 Nxd5 13. Nxd5 exd5 14. Re1
Be6 15. Qd2 Bxg5 16. Qxg5 h6 17. Qh5 Nd4 18. Qe5 f6 19. Qf4 Nxb3 20. axb3 d4
21. Qe4 Re8 22. Qd3 Rad8 23. h3 a6 24. Rad1 Qc5 25. Rd2 Bf7 26. Rxe8+ Rxe8 27.
Qxd4 Re1+ 28. Kh2 Qxd4 29. Rxd4 Rb1 30. Rd8+ Kh7 31. Rd7 Bg6 32. f4 Bxc2 33.
Nh5 Rxb2 34. Rxg7+ Kh8 35. Rxb7 Rxb3 36. Rc7 Bg6 37. Nxf6 Rb4 38. Rc6 Kg7 39.
Nd5 Rd4 40. Nc7 Rd2 41. Ne6+ Kf7 42. Nc5 a5 43. Ra6 Ra2 44. Kg1 h5 45. g4 hxg4
46. hxg4 Bc2 47. f5 a4 48. Ne6 Kf6 49. Nd4+ Kg5 50. Nxc2 Rxc2 51. Rxa4 1/2-1/2

[Event "Torneo Zonale"]
[Site "Caorle ITA"]
[Date "1972.07.??"]
[Round "7"]
[White "Pritchett, Craig William"]
[Black "Williams, Arthur Howard"]
[WhiteElo "2340"]
[BlackElo "2390"]
[Result "1/2-1/2"]
[PlyCount "54"]
[EventDate "1972.07.02"]

1. e4 Nf6 2. e5 Nd5 3. d4 d6 4. c4 Nb6 5. f4 dxe5 6. fxe5 Bf5 7. Nc3 e6 8. Be3
Bb4 9. Nf3 c5 10. Be2 Nc6 11. O-O cxd4 12. Nxd4 Nxd4 13. Bxd4 Bc2 14. Qd2 Rc8
15. Kh1 O-O 16. b3 Bc5 17. Nb5 Bxd4 18. Nxd4 Bg6 19. Bf3 Rc7 20. Qe3 Rd7 21.
Rad1 a6 22. Be4 Nc8 23. Bxg6 hxg6 24. Rd3 Qb6 25. Rfd1 Rfd8 26. Nc2 Rxd3 27.
Rxd3 Rxd3 1/2-1/2

[Event "Torneo Zonale"]
[Site "Caorle ITA"]
[Date "1972.07.??"]
[Round "7"]
[White "Ree, Hans"]
[Black "Dunkelblum, Arthur"]
[WhiteElo "2480"]
[BlackElo "2240"]
[Result "1-0"]
[PlyCount "109"]
[EventDate "1972.07.02"]

1. d4 d5 2. c4 c6 3. Nf3 Nf6 4. Nc3 g6 5. Bf4 Bg7 6. e3 O-O 7. Rc1 Nh5 8. Be5
Bxe5 9. Nxe5 e6 10. Be2 Ng7 11. O-O Nd7 12. Nf3 Qe7 13. Qb3 Nf5 14. Rfd1 Re8
15. e4 dxe4 16. Nxe4 Nd6 17. Ng3 Rd8 18. Qe3 Qf6 19. Bd3 Nf8 20. h4 Bd7 21. h5
Qh8 22. Qf4 Be8 23. c5 Nf5 24. Ne4 gxh5 25. Qg5+ Qg7 26. Nf6+ Kh8 27. Bxf5 Qxg5
28. Nxg5 exf5 29. Nxe8 Rxe8 30. Nxf7+ Kg7 31. Nd6 Re2 32. Re1 Rxb2 33. Re7+ Kg6
34. Rc3 h4 35. Rh3 Kg5 36. Rf7 Ng6 37. Rxf5+ Kh6 38. Rhf3 Kg7 39. Rf7+ Kg8 40.
Rxb7 Rxb7 41. Nxb7 Ne7 42. Rf6 Rb8 43. Na5 Rb1+ 44. Kh2 Rd1 45. Nxc6 Kg7 46.
Rd6 Nxc6 47. Rxc6 Rxd4 48. Rc7+ Kg6 49. Rxa7 Rc4 50. Ra5 Rc2 51. f3 Kg7 52. Kh3
Rc4 53. a3 Kg8 54. Ra8+ Kg7 55. Ra5 1-0

[Event "Torneo Zonale"]
[Site "Caorle ITA"]
[Date "1972.07.??"]
[Round "8"]
[White "Bellon Lopez, Juan Manuel"]
[Black "Bohosjan, Sarkis Stepan"]
[WhiteElo "2385"]
[BlackElo "2425"]
[Result "1-0"]
[PlyCount "47"]
[EventDate "1972.07.02"]

1. b3 e5 2. Bb2 Nc6 3. e3 Nf6 4. Bb5 d6 5. Ne2 Be7 6. d4 exd4 7. Nxd4 Bd7 8.
Bxc6 bxc6 9. Qf3 d5 10. Nf5 Bxf5 11. Qxf5 O-O 12. Nd2 Ne8 13. Nf3 Bb4+ 14. Kf1
Qe7 15. Ne5 c5 16. Nc6 Qh4 17. a3 Nd6 18. Qe5 f6 19. Qxd5+ Kh8 20. axb4 Ne4 21.
Qf5 Rfe8 22. g3 Qh6 23. Kg2 cxb4 24. Rhd1 1-0

[Event "Torneo Zonale"]
[Site "Caorle ITA"]
[Date "1972.07.??"]
[Round "8"]
[White "Dunkelblum, Arthur"]
[Black "Keene, Raymond Dennis"]
[WhiteElo "2240"]
[BlackElo "2435"]
[Result "0-1"]
[PlyCount "120"]
[EventDate "1972.07.02"]

1. Nf3 g6 2. g3 Bg7 3. d4 Nf6 4. Bg2 d6 5. b3 O-O 6. Bb2 Nc6 7. d5 Na5 8. O-O
c5 9. dxc6 bxc6 10. c4 Rb8 11. Nbd2 c5 12. Ne1 Qc7 13. Nd3 Bb7 14. Bxb7 Qxb7
15. Qc2 Nc6 16. e3 a5 17. Rab1 Nb4 18. Nxb4 axb4 19. a4 bxa3 20. Bxa3 Ra8 21.
Bb2 Ra2 22. Qc1 h5 23. h3 Rb8 24. Bc3 Qd7 25. Kg2 Qf5 26. Rb2 Ra3 27. Qc2 Qxc2
28. Rxc2 Nd7 29. Bxg7 Kxg7 30. f4 Rba8 31. Kf3 Nb8 32. Rb1 Ra2 33. Rbb2 Rxb2
34. Rxb2 Nc6 35. g4 hxg4+ 36. hxg4 Nb4 37. Ne4 Ra1 38. Nf2 Rf1 39. Kg2 Re1 40.
Kf3 Kf8 41. f5 Kg7 42. fxg6 Kxg6 43. Nh3 Rh1 44. Kg3 Ra1 45. Nf4+ Kf6 46. Kf3
Nc6 47. Nd3 Rg1 48. Kf4 e6 49. Ra2 Rd1 50. Ra6 Rxd3 51. Rxc6 Rxb3 52. Rxd6 Rc3
53. g5+ Kg6 54. Rc6 Rxc4+ 55. e4 Rc1 56. Rc7 c4 57. Ke3 c3 58. Ke2 c2 59. Kd2
Rd1+ 60. Kxc2 Rd4 0-1